ROGER GUAL - Estadísticas

Estadísticas generales
  • Esta prueba ha sido intentada 6 veces
  • La puntuación promedio es 8 de 11
Estadísticas de respuestas
Hint Respuesta % Correcto
Numero preferit 13
100%
Color preferit Blau
100%
Idol Curry
100%
Beure preferit CocaCola
80%
Restaurant preferit McDonald's
80%
Ciutat on vull anar San Francisco
80%
Tapa preferida Olives
60%
Menjar preferit Sushi
60%
Animal de menjar preferit Vedella o caragols
60%
Beure preferit (no refresc) Vichy
60%
Fruita preferida Pressec groc
40%
No se encontraron pruebas coincidentes
Distribución de puntuación
Porcentaje de gente con cada puntuación
Porcentaje por número respondido
Historial de tus puntuaciones
No has intentado esta prueba.